| 000 | 00345 a2200085 4500 | ||
|---|---|---|---|
| 082 | _a625.8028 ASP | ||
| 245 |
_aPaver Concrete Distress Manual : Pavement Distress Identification Guide for Jointed Concrete Roads and Parking Lots/ _cUS Army Corps of Engineers |
||
| 260 |
_aUSA : _bUS Army Corps of Engineers, _c1997 |
||
| 300 |
_a48p. : _bill. ; _c20 cm |
||
| 650 | _aConcrete Distress | ||
| 999 |
_c1538 _d1538 |
||